| 000 | 00757nam a2200265Ia 4500 | ||
|---|---|---|---|
| 003 | OSt | ||
| 005 | 20221005051710.0 | ||
| 006 | a|||||r|||| 00| 0 | ||
| 007 | ta | ||
| 008 | 221004b |||||||| |||| 00| 0 eng d | ||
| 024 | _a36613 | ||
| 037 | _cTextual | ||
| 040 |
_aCRL _cCRL _beng |
||
| 041 |
_2eng _aeng |
||
| 082 | _aNQ41,C, N0 | ||
| 100 |
_aWhitfield Roderick _9596317 |
||
| 245 | 0 |
_aCaves of the thousand Buddhas _b Chinese art from the silk route ed by Anne Farrer |
|
| 260 |
_aLondon _bBritish museum UK _c1990 |
||
| 300 |
_a208p _ccm. |
||
| 650 | _a ARTS | ||
| 650 |
_aPAINTING _934359 |
||
| 700 |
_a Farrer Anne _9596318 |
||
| 942 |
_hNQ41,C, N0 _cTEXL _2cc |
||
| 999 |
_c959195 _d959195 |
||